00552nam a2200193 a 4500001001300000003000900013005001700022008004100039020002600080082001500106100001800121245005900139260005000198300000900248500003500257505002400292650002400316700001800340nice12345678IN_TiNIC20260116013105.0050524s1992 cama grp 000 0 eng  a0521026 c1032.300a200.1bFEN aFenn, Richard aDeath of Herodb an Essay in the Sociology of Religion aCambridge bCambridge University Press c1992 a200p aincludes index and biblioraphy2 aReferences, Indexes aReligion-Philosophy1 aFenn, Richard